000 00283nam a22001337a 4500
008 170207b xxu||||| |||| 00| 0 eng d
020 _a9780078050589
041 _aeng
080 _a61
100 _a4
101 _aSHM
245 _aGLOBAL ISSUES
_cROBERT JACKSON
942 _2udc
_cBK
999 _c4810
_d4810